| Поле | Инд. | ПП | Название | Значение |
|---|---|---|---|---|
| Тип записи | m | |||
| Библиографический уровень | m | |||
| 001 | Контрольный номер | 021bc1c0491542688873bb533e7c1461 | ||
| 005 | Дата корректировки | 20240920103301.7 | ||
| 008 | Кодируемые данные | 210317|||||||||ru |||||||||||||||||rus|| | ||
| 020 | a | ISBN | 978-5-907368-10-1 | |
| 084 | a | Индекс другой классификации/Индекс ББК | 95+72+74.48 | |
| 100 | 1_ | a | Автор | Мурманский государственный технический университет |
| 203 | a | Вид содержания | Текст | |
| c | Тип средства | электронный | ||
| 245 | 10 | a | Заглавие | Наука и образование - 2019 |
| c | Ответственность | Министерство науки и высшего образования Российской Федерации, Федеральное государственное бюджетное образовательное учреждение высшего образования "Мурманский государственный технический университет" | ||
| b | Продолж. заглавия | материалы Всероссийской научно-практической конференции, (Мурманск, 15 ноября 2019 г.) | ||
| h | Физич. носитель | Электронный ресурс | ||
| 256 | a | Характеристики компьютерного файла | Электрон. текстовые дан. (1 файл : 12.5 Мб) | |
| 260 | a | Место издания | Мурманск | |
| b | Издательство | МГТУ | ||
| c | Дата издания | 2020 | ||
| 500 | a | Примечание | Доступ из локальной сети Мурман. гос. техн. ун-та | |
| 521 | 0_ | a | Примеч. о целев. назн. | URL: https://elib.mauniver.ru/2020/SB_20_03.pdf |
| 650 | 04 | a | Основная рубрика | Мурманский государственный технический университет-Научно-технические конференции-Сборники |
| 653 | 0_ | a | Ключевые слова | Автоматизация технологических процессов; Безопасность мореплавания; Биохимия; Медицина; Микробиология; Преподавание иностранных языков; Переработка гидробионтов;Конференции научно-практические; Материалы конференций; Сборники материалов конференций; Строительство; Транспорт; Экологическая безопасность; Электронные версии; Энергетика |
| 700 | 12 | a | Другие авторы | Агарков С. А. |
| e | Роль лиц | Автор | ||
| 700 | 12 | a | Другие авторы | Александрова А. А. |
| e | Роль лиц | Автор | ||
| 700 | 12 | a | Другие авторы | Алексеевская Е. А. |
| e | Роль лиц | Автор | ||
| 700 | 12 | a | Другие авторы | Анисимов А. И. |
| e | Роль лиц | Автор | ||
| 700 | 12 | a | Другие авторы | Асмыкович И. К. |
| e | Роль лиц | Автор | ||
| 700 | 12 | a | Другие авторы | Баринов А. С. |
| e | Роль лиц | Автор | ||
| 700 | 12 | a | Другие авторы | Бензик И. Н. |
| e | Роль лиц | Автор | ||
| 700 | 12 | a | Другие авторы | Борщов Г. И. |
| e | Роль лиц | Автор | ||
| 700 | 12 | a | Другие авторы | Бражная И. Э. |
| e | Роль лиц | Автор | ||
| 700 | 12 | a | Другие авторы | Буев С. А. |
| e | Роль лиц | Автор | ||
| 700 | 12 | a | Другие авторы | Бучкова З. А. |
| e | Роль лиц | Автор | ||
| 700 | 12 | a | Другие авторы | Васильева Ж. В. |
| e | Роль лиц | Автор | ||
| 700 | 12 | a | Другие авторы | Васюкова А. Т. |
| e | Роль лиц | Автор | ||
| 700 | 12 | a | Другие авторы | Вергелес Ю. В. |
| e | Роль лиц | Автор | ||
| 700 | 12 | a | Другие авторы | Власов А. Б. |
| e | Роль лиц | Автор | ||
| 700 | 12 | a | Другие авторы | Волченко В. И. |
| e | Роль лиц | Автор | ||
| 700 | 12 | a | Другие авторы | Гапоненков И. А |
| e | Роль лиц | Автор | ||
| 700 | 12 | a | Другие авторы | Глухарев А. Ю. |
| e | Роль лиц | Автор | ||
| 700 | 12 | a | Другие авторы | Глухих Я. А. |
| e | Роль лиц | Автор | ||
| 700 | 12 | a | Другие авторы | Голубева О. А. |
| e | Роль лиц | Автор | ||
| 700 | 12 | a | Другие авторы | Гроховский В. А. |
| e | Роль лиц | Автор | ||
| 700 | 12 | a | Другие авторы | Даувальтер В. А. |
| e | Роль лиц | Автор | ||
| 700 | 12 | a | Другие авторы | Дворянкина К. В. |
| e | Роль лиц | Автор | ||
| 700 | 12 | a | Другие авторы | Демид А. В. |
| e | Роль лиц | Автор | ||
| 700 | 12 | a | Другие авторы | Денисенко Ф. А. |
| e | Роль лиц | Автор | ||
| 700 | 12 | a | Другие авторы | Дзядзин А. А. |
| e | Роль лиц | Автор | ||
| 700 | 12 | a | Другие авторы | Дьяченко И. И. |
| e | Роль лиц | Автор | ||
| 700 | 12 | a | Другие авторы | Жихорук А. А. |
| e | Роль лиц | Автор | ||
| 700 | 12 | a | Другие авторы | Жук А. А. |
| e | Роль лиц | Автор | ||
| 700 | 12 | a | Другие авторы | Зыкова В. Н. |
| e | Роль лиц | Автор | ||
| 700 | 12 | a | Другие авторы | Кайченов А. В. |
| e | Роль лиц | Автор | ||
| 700 | 12 | a | Другие авторы | Кайченова А. И. |
| e | Роль лиц | Автор | ||
| 700 | 12 | a | Другие авторы | Картавых А. Э. |
| e | Роль лиц | Автор | ||
| 700 | 12 | a | Другие авторы | Ковалева О. С. |
| e | Роль лиц | Автор | ||
| 700 | 12 | a | Другие авторы | Козьменко С. Ю. |
| e | Роль лиц | Автор | ||
| 700 | 12 | a | Другие авторы | Куранова Л. К. |
| e | Роль лиц | Автор | ||
| 700 | 12 | a | Другие авторы | Латенко А. А |
| e | Роль лиц | Автор | ||
| 700 | 12 | a | Другие авторы | Лейко Н. Н. |
| e | Роль лиц | Автор | ||
| 700 | 12 | a | Другие авторы | Литвинова М. Ю. |
| e | Роль лиц | Автор | ||
| 700 | 12 | a | Другие авторы | Майорова О. В |
| e | Роль лиц | Автор | ||
| 700 | 12 | a | Другие авторы | Маслов А. А. |
| e | Роль лиц | Автор | ||
| 700 | 12 | a | Другие авторы | Макаревич Е. В. |
| e | Роль лиц | Автор | ||
| 700 | 12 | a | Другие авторы | Матонин А. В. |
| e | Роль лиц | Автор | ||
| 700 | 12 | a | Другие авторы | Меньшиков В. И. |
| e | Роль лиц | Автор | ||
| 700 | 12 | a | Другие авторы | Михник Е. Ю. |
| e | Роль лиц | Автор | ||
| 700 | 12 | a | Другие авторы | Мишинева А. К. |
| e | Роль лиц | Автор | ||
| 700 | 12 | a | Другие авторы | Орешникова И. Е. |
| e | Роль лиц | Автор | ||
| 700 | 12 | a | Другие авторы | Пеньковская К. В. |
| e | Роль лиц | Автор | ||
| 700 | 12 | a | Другие авторы | Пеньковский Д. В. |
| e | Роль лиц | Автор | ||
| 700 | 12 | a | Другие авторы | Потешкина В. А. |
| e | Роль лиц | Автор | ||
| 700 | 12 | a | Другие авторы | Петкилёв О. А. |
| e | Роль лиц | Автор | ||
| 700 | 12 | a | Другие авторы | Похольченко В. А. |
| e | Роль лиц | Автор | ||
| 700 | 12 | a | Другие авторы | Прохоренков А. М. |
| e | Роль лиц | Автор | ||
| 700 | 12 | a | Другие авторы | Пышко Е. Ю. |
| e | Роль лиц | Автор | ||
| 700 | 12 | a | Другие авторы | Рассказова М. С. |
| e | Роль лиц | Автор | ||
| 700 | 12 | a | Другие авторы | Рябев В. В. |
| e | Роль лиц | Автор | ||
| 700 | 12 | a | Другие авторы | Селяков И. Ю. |
| e | Роль лиц | Автор | ||
| 700 | 12 | a | Другие авторы | Синицына К. И. |
| e | Роль лиц | Автор | ||
| 700 | 12 | a | Другие авторы | Столянов А. В. |
| e | Роль лиц | Автор | ||
| 700 | 12 | a | Другие авторы | Сухова Т. А. |
| e | Роль лиц | Автор | ||
| 700 | 12 | a | Другие авторы | Тагиева А. С. |
| e | Роль лиц | Автор | ||
| 700 | 12 | a | Другие авторы | Тришина А. С. |
| e | Роль лиц | Автор | ||
| 700 | 12 | a | Другие авторы | Туршук Е. Г. |
| e | Роль лиц | Автор | ||
| 700 | 12 | a | Другие авторы | Ускова И. В. |
| e | Роль лиц | Автор | ||
| 700 | 12 | a | Другие авторы | Фомина Е. А. |
| e | Роль лиц | Автор | ||
| 700 | 12 | a | Другие авторы | Широнина А. Ю. |
| e | Роль лиц | Автор | ||
| 700 | 12 | a | Другие авторы | Шульгина Л. В. |
| e | Роль лиц | Автор | ||
| 700 | 12 | a | Другие авторы | Яценко В. В. |
| e | Роль лиц | Автор | ||
| 700 | 12 | a | Другие авторы | Яшкина А. А. |
| e | Роль лиц | Автор | ||
| 710 | 12 | a | Организация/ юрисдикция | Мурманский государственный технический университет |
| 856 | 40 | u | URL | https://elib.mauniver.ru/2020/SB_20_03.pdf |
| 901 | t | Тип документа | m |